000 00969cas a22003013 4500
008 900607u ke u 0 0 0und
010 _asv 90034142
022 _a1013-9591
040 _aEG-GiCUC
_beng
_cEG-GiCUC
092 0 4 _a634.9
_bA281
_221
099 _a04
_a634.9 A281
222 0 _aAgroforestry today.
245 0 0 _aAgroforestry today.
260 _aNairobi, Kenya.
_bEnglish Press
310 _aQuarterly
500 _aTitle from cover.
610 2 0 _aInternational Council for Research in Agroforestry (ICRAF)
650 0 _aAgroforestry
_vPeriodicals.
650 0 _aInternational Council for Research in Agroforestry
_vPeriodicals.
710 2 _aInternational Council for Research in Agroforestry (ICRAF)
905 _aJamal
_eCat.
905 _eRev.
942 _2ddc
_cCR
_n0
999 _c143569
_d143569
336 _atext
_2rda content
337 _aUnmediated
_2rdamedia
338 _avolume
_2rdacarrier